000 00692cam a22002413a 4500
001 19979
003 PGUSA
005 20140828083425.0
008 061130s2006||||xxu|||||s|||||000 | eng d
040 _aPGUSA
_beng
042 _adc
050 4 _aGT
100 1 _aAshton, John,
_d1834-1911
245 1 2 _aA Righte Merrie Christmasse :
_bThe Story of Christ-Tide
_h[electronic resource] /
_cJohn Ashton
260 _bProject Gutenberg,
_c2006
506 _aPublic domain in the USA.
516 _aElectronic text
653 _aChristmas -- History
700 1 _aBehrend, Arthur C.
830 0 _aProject Gutenberg
_v19979
856 4 0 _uhttp://www.gutenberg.org/ebooks/19979
942 _cEB
999 _c249234
_d249234